01520 a2200217 45000010006000000050017000060080041000230030015000640400040000790800057001192450091001760200018002672640032002853000025003175050790003421000038011327000032011707000038012027000032012407000030012722728420260407155549.0260407a1995 arg spa dAR-UNSa-BCEJYS aAR-UNSa-BCEJYSbspacAR-UNSa-BCEJYS a658.5xPlanificación y control de la producción 10aDirección de operacionespaspectos estratégicos en la producción y los servicios a84-481-1848-0 1aMadrid :bMcGraw-Hillc1995 axxvi, 482 p.c25 cm. aParte I: Introducción: 1. El sistema empresa y el subsistema de operaciones - 2. La problemática de la Dirección de operaciones - 3. La estrategía de operaciones - 4. Parte II: El diseño del subsistema de operaciones - 5. La selección y diseño del proceso - 6. Diseño, medición y compensación del trabajo - 7. La decisión de capacidad a largo plazo - 8. Las decisiones de localización - 9. La distribución en planta - Parte II: Métodos operativos - Parte III: Nuevos desarrollos en el subsistema de operaciones : 10. La automatización integrada de la fabricación y de los servicios - 11. Las nuevas tecnologías de fabricación y el diseño del subsistema productivo - 12. La gestión de la tecnología - 13. La globalización de las operaciones. 1 aDominguez Machuca, José Antonio1 aAlvarez Gil, María José1 aDomínguez Machuca, Miguel Angel1 aGarcia González, Santiago1 aRuíz Jiménez, Antonio